[Event "Candidats final"]
[Site "Moscow"]
[Date "1974.??.??"]
[Round "2"]
[White "Karpov, Anatoly"]
[Black "Kortschnoj, Viktor"]
[Result "1-0"]
[WhiteElo "2700"]
[BlackElo "2670"]
[PlyCount "53"]
[EventDate "1974.09.16"]
[Source "ChessBase"]

1. e4 c5 2. Nf3 d6 3. d4 cxd4 4. Nxd4 Nf6 5. Nc3 g6 6. Be3 Bg7 7. f3 Nc6 8. Qd2
O-O 9. Bc4 Bd7 10. h4 Rc8 11. Bb3 Ne5 12. O-O-O Nc4 13. Bxc4 Rxc4 14. h5 Nxh5
15. g4 Nf6 16. Nde2 Qa5 17. Bh6 Bxh6 18. Qxh6 Rfc8 19. Rd3 R4c5 20. g5 Rxg5 21.
Rd5 Rxd5 22. Nxd5 Re8 23. Nef4 Bc6 24. e5 Bxd5 25. exf6 exf6 26. Qxh7+ Kf8 27.
Qh8+ 1-0

[Event "Las Palmas"]
[Site "Las Palmas"]
[Date "1977.??.??"]
[Round "13"]
[White "Tatai, Stefano"]
[Black "Karpov, Anatoly"]
[Result "0-1"]
[WhiteElo "2480"]
[BlackElo "2690"]
[PlyCount "62"]
[EventDate "1977.05.??"]
[Source "ChessBase"]
[SourceDate "1997.11.17"]

1. Nf3 c5 2. c4 Nf6 3. Nc3 d5 4. cxd5 Nxd5 5. g3 g6 6. Bg2 Bg7 7. Qa4+ Nc6 8.
Ng5 e6 9. Nge4 Nb6 10. Qb5 c4 11. Na4 O-O 12. Nxb6 axb6 13. Qxc4 e5 14. Qc2 Nd4
15. Qb1 f5 16. Nc3 e4 17. d3 b5 18. Be3 b4 19. Nd1 Re8 20. dxe4 fxe4 21. Bxd4
Qxd4 22. a3 Bg4 23. Qc2 Qd3 24. exd3 exd3+ 25. Kd2 Re2+ 26. Kxd3 Rd8+ 27. Kc4
Rxc2+ 28. Kxb4 Rcd2 29. f3 Bf8+ 30. Ka5 Bd7 31. Bf1 Bc5 0-1

[Event "Hoogovens"]
[Site "Wijk aan Zee"]
[Date "1988.??.??"]
[Round "?"]
[White "Karpov, Anatoly"]
[Black "Farago, Ivan"]
[Result "1-0"]
[WhiteElo "2715"]
[BlackElo "2475"]
[PlyCount "79"]
[EventDate "1988.01.??"]
[Source "ChessBase"]

1. e4 e6 2. d4 d5 3. Nc3 Bb4 4. e5 Ne7 5. a3 Bxc3+ 6. bxc3 c5 7. Qg4 Qc7 8.
Qxg7 Rg8 9. Qxh7 cxd4 10. Ne2 Nbc6 11. f4 Bd7 12. Qd3 dxc3 13. Qxc3 Nf5 14. Rb1
Rc8 15. Bd2 b6 16. g3 Qb7 17. Qd3 Nce7 18. Rg1 Rc4 19. g4 Nh4 20. Rg3 Qc8 21.
Rb2 Nhg6 22. Rf3 Nc6 23. Rf2 Rh8 24. h3 Qd8 25. Qg3 Qe7 26. Rf3 Qc5 27. Kd1 Ra4
28. Rc3 Qe7 29. Nc1 d4 30. Rcb3 Na5 31. Rb4 Nb7 32. Rxa4 Bxa4 33. Rb4 Qd7 34.
Nb3 d3 35. Qxd3 Qxd3 36. Bxd3 Bxb3 37. Rxb3 Nc5 38. Rc3 Ke7 39. Bf1 Rd8 40. Rc4
1-0

[Event "Tilburg"]
[Site "Tilburg"]
[Date "1988.??.??"]
[Round "?"]
[White "Karpov, Anatoly"]
[Black "Hjartarson, Johann"]
[Result "1-0"]
[WhiteElo "2725"]
[BlackElo "2610"]
[PlyCount "85"]
[EventDate "1988.09.??"]
[Source "ChessBase"]

1. d4 d5 2. c4 c6 3. Nf3 Nf6 4. Nc3 dxc4 5. a4 Bf5 6. Ne5 e6 7. f3 Bb4 8. e4
Bxe4 9. fxe4 Nxe4 10. Bd2 Qxd4 11. Nxe4 Qxe4+ 12. Qe2 Bxd2+ 13. Kxd2 Qd5+ 14.
Kc2 Na6 15. Nxc4 O-O-O 16. Qe5 f6 17. Qe3 c5 18. Kb3 Nb4 19. Rc1 Nc6 20. Ka3
Nd4 21. Na5 e5 22. Qc3 b6 23. Nb3 Nxb3 24. Qxb3 Qxb3+ 25. Kxb3 Rd4 26. h4 Rhd8
27. Bc4 Kc7 28. h5 Rg4 29. h6 Rxg2 30. hxg7 Rxg7 31. Rcf1 Rd6 32. Rh6 e4 33.
Rhxf6 h5 34. R6f4 Rd4 35. Rf7+ Rd7 36. Rxg7 Rxg7 37. Rf4 Rg3+ 38. Kc2 Rg2+ 39.
Kc3 Rg3+ 40. Kd2 Rg4 41. Rf7+ Kd6 42. Ke3 a6 43. Bxa6 1-0